000 00306nam a22001337a 4500
008 181031b xxu||||| |||| 00| 0 eng d
020 _a0721630685
041 _aeng
080 _a616.12
100 _a6
101 _aKAR
245 _aTextbook of Interventional Cardiology
_cTopol, E.J
942 _2udc
_cBK
999 _c51370
_d51370